Practical Nursing Procedure (Record no. 250296)

MARC details
000 -LEADER
fixed length control field 00414pam a2200169a 44500
008 - FIXED-LENGTH DATA ELEMENTS--GENERAL INFORMATION
fixed length control field 230405s2007 xxu||||| |||| 00| 0 eng d
020 ## - INTERNATIONAL STANDARD BOOK NUMBER
International Standard Book Number 8184481101
Terms of availability Rs. 275
082 ## - DEWEY DECIMAL CLASSIFICATION NUMBER
Classification number 610.73
Item number GUP
100 ## - MAIN ENTRY--PERSONAL NAME
Personal name Gupta, L.C.
245 ## - TITLE STATEMENT
Title Practical Nursing Procedure
250 ## - EDITION STATEMENT
Edition statement 3rd Ed.
260 ## - PUBLICATION, DISTRIBUTION, ETC.
Place of publication, distribution, etc. New Delhi
Name of publisher, distributor, etc. Jaypee Pub
Date of publication, distribution, etc. 2007
300 ## - PHYSICAL DESCRIPTION
Extent 551 p
700 ## - ADDED ENTRY--PERSONAL NAME
Personal name Gupta, Priya
700 ## - ADDED ENTRY--PERSONAL NAME
Personal name Sahu, UG.
906 ## - LOCAL DATA ELEMENT F, LDF (RLIN)
a 001603

No items available.